Countries that end in a with a empty map - Statistics

General Stats
  • This quiz has been taken 78 times
    32 since last reset
  • The average score is 59 of 75
Answers on the Map
Answers color-coded by a green-red scale on the quiz's map according to % correct below.
 
Answer Stats
Country % Correct
Argentina
93%
Australia
93%
Austria
93%
China
93%
Colombia
93%
Ghana
93%
Guinea
93%
Mongolia
93%
Nigeria
93%
North Korea
93%
Russia
93%
Rwanda
93%
South Korea
93%
Venezuela
93%
Albania
86%
Angola
86%
Bolivia
86%
Canada
86%
Ethiopia
86%
Georgia
86%
Guatemala
86%
India
86%
Jamaica
86%
Libya
86%
Malaysia
86%
Nicaragua
86%
Papua New Guinea
86%
Romania
86%
Saudi Arabia
86%
Slovakia
86%
Somalia
86%
South Africa
86%
Tanzania
86%
Tunisia
86%
Zambia
86%
Algeria
79%
Armenia
79%
Bulgaria
79%
Croatia
79%
Cuba
79%
Equatorial Guinea
79%
Gambia
79%
Guyana
79%
Indonesia
79%
Kenya
79%
Panama
79%
Serbia
79%
Slovenia
79%
Uganda
79%
United States of America
79%
Antigua and Barbuda
71%
Cambodia
71%
Costa Rica
71%
Czechia
71%
Eritrea
71%
Estonia
71%
Latvia
71%
Lithuania
71%
Mauritania
71%
Namibia
71%
Samoa
71%
Sri Lanka
71%
Syria
71%
Bosnia and Herzegovina
64%
Botswana
64%
Dominica
64%
Grenada
64%
Liberia
64%
St. Lucia
64%
Tonga
64%
Andorra
57%
Fed. States of Micronesia
50%
Malta
50%
North Macedonia
50%
Moldova
43%
No matching quizzes found
Score Distribution
Percent of People with Each Score
Percentile by Number Answered
Your Score History
You have not taken this quiz since the last reset